Multimedia w nowoczesnym procesie edukacyjnym

Bibliographic Details
Main Author: Piecuch, Aleksander (Author)
Format: Article
Language:Polish
Subjects:

MARC

LEADER 00000naa a2200000 4500
001 vtls011978392
003 SK-MaSNL
005 20260302144954.0
008 200702|2011 xo l f|| |1|| ||pol
015 |a SNBRA 2015  |2 svkbbbg 
038 |a SVKBBBG 
040 |a SVKBBBG  |b slo  |c SVKBBBG  |e rda 
041 0 |a pol  |b eng 
044 |a xo  |c SK 
072 7 |a 37  |x Výchova a vzdelávanie  |2 konspekt 
080 |a 37.01/.09:62  |2 2011 
080 |a 004.032.6  |2 2011 
080 |a 37.018.8  |2 2011 
100 1 |a Piecuch, Aleksander  |4 aut  |9 821095 
245 1 0 |a Multimedia w nowoczesnym procesie edukacyjnym  |c Aleksander Piecuch 
300 |b Schémy 
336 |a text  |b txt  |2 rdacontent 
337 |a bez média  |b n  |2 rdamedia 
338 |a zväzok  |b nc  |2 rdacarrier 
504 |a Bibliografia na strane 87; bibliografické odkazy 
546 |a Anglické resumé 
650 0 7 |a technické vzdelávanie  |2 SNKPH  |9 65924 
650 0 7 |a multimédiá  |2 SNKPH  |9 2022 
650 0 7 |a vyučovanie  |2 SNKPH  |9 1522 
773 0 |t Technické vzdelávanie ako súčasť všeobecného vzdelávania : zborník príspevkov 27. medzinárodnej vedecko-odbornej konferencie  |d Banská Bystrica : Univerzita Mateja Bela, 2011  |g S. 77-87  |z 9788055702650 
852 |a SVKBB  |b KIS3GCP 
958 |a NB 
999 |c 1351908  |d 1353838